Fundamentals of electrical engineering
Αποθηκεύτηκε σε:
| Κύριος συγγραφέας: | |
|---|---|
| Μορφή: | Βιβλίο |
| Γλώσσα: | English |
| Δημοσίευση: |
New York :
Oxford University Press,
1996
|
| Έκδοση: | 2nd ed. |
| Σειρά: | Oxford series in electrical engineering
|
| Θέματα: | |
| Ετικέτες: |
Προσθήκη ετικέτας
Δεν υπάρχουν, Καταχωρήστε ετικέτα πρώτοι!
|
MARC
| LEADER | 00000nam a2200000 i 4500 | ||
|---|---|---|---|
| 001 | 1/26434 | ||
| 008 | 981217s1996 eng d | ||
| 020 | |a 0-19-510509-5 | ||
| 035 | |l 10037578 | ||
| 040 | |a GR-MY-UA |b gre |e aacr | ||
| 041 | 0 | |a eng | |
| 082 | 0 | |a 621.3 | |
| 100 | 1 | |a Bobrow, Leonard S. | |
| 245 | 1 | 0 | |a Fundamentals of electrical engineering / |c Leonard S. Bobrow |
| 250 | |a 2nd ed. | ||
| 260 | |a New York : |b Oxford University Press, |c 1996 | ||
| 300 | |a 1163 p. |b fig. | ||
| 490 | 1 | |a Oxford series in electrical engineering | |
| 504 | |a Includes bibliographical references and index | ||
| 650 | 0 | 0 | |a Electric engineering. |
| 830 | 0 | |a Oxford series in electrical engineering | |
| 852 | |a INST |b LESVOS |e 19981217 |h 621.3 BOB |p 005100017365 |q 005100017365 |t BK |y 0 | ||
| 901 | |a BIBL-1999-1 | ||
| 909 | |a Λ |b 060963 | ||
| 922 | |a 1ΕΛΗ |b 199811 |c ΚΠΣ/ΤΠ |d ΠΑΠΑΣΩΤΗΡΙΟΥ | ||
| 950 | |a 107-1998-07-17 | ||